000
00352nam a2200169Ia 4500
100
_a
Mahalik N.P
650
_a
Mechatronics
942
_c
BK
366
_f
25
654
_a
mechatronics
245
_a
Mechatronics
260
_b
Tata McGraw Hil
_c
2009
082
_a
621.381042
_b
MAH
300
_a
589
546
_a
ENGLISH
_c
Info.Tech
999
_c
28513
_d
28513